Statistiche per Squadre con più giocatori che hanno vinto il pallone d'oro

Clicka qui per fare il quiz!

Statistiche generali

  • Questo quiz è stato fatto 179 volte
  • Il punteggio medio è 13 su 20

Statistiche sulle risposte

NUMERO DI VINCITORISQUADRA% Corretto
12REAL MADRID
100%
12BARCELLONA
99%
8JUVE
99%
8MILAN
98%
2INTER
97%
5BAYERN MONACO
91%
4MANCHESTER UNITED
90%
1LIVERPOOL
89%
1MARSIGLIA
85%
1PARIS SAN GERMAIN
79%
1AJAX
74%
1BORUSSIA DORTMUND
59%
1BORUSSIA M'GLADBACH
54%
1BENFICA
50%
2DINAMO KIEV
30%
2AMBURGO
26%
1FERENCVAROS
12%
1DINAMO MOSCA
11%
1BLACKPOOL
10%
1DUKLA PRAGA
10%

Distribuzione punteggi

Percentile per numero di risposta

Percentuale di utenti per punteggio

I tuoi punteggi nel tempo

Non hai fatto questo quiz